000 00948cam a2200253u 4500
999 _c126423
_d126423
001 6381087
003 ARRUPE
005 20170413140803.0
008 860205s1921 enkch b 010 0beng
010 _a 21008055
040 _aDLC
_cCarP
_dDLC
050 0 0 _aPR4836
_b.A14 1921
245 0 4 _aThe John Keats memorial volume,
260 _aLondon,
_bJohn Lane;
_aNew York,
_bJohn Lane company,
_c1921.
300 _axx p., 1 l.,
_b276 p. front., 4 pl. (incl. ports.) 6 facsims.
_c26 cm.
600 1 0 _aKeats, John,
_d1795-1821.
_929874
600 1 0 _aKeats, John,
_d1795-1821
_vBibliography.
_929875
650 0 _aPoets, English
_y19th century
_vBiography.
_929876
700 2 _aKeats house committee, Hampstead.
_929877
700 1 _aWilliamson, George Charles,
_d1858-1942,
_eed.
_929878
700 1 _aWise, Thomas James,
_d1859-1937.
_929879
740 0 _aKeats memorial volume.
906 _a0
_bcbc
_cpremunv
_du
_encip
_f19
_gy-gencatlg
942 _2lcc
_cMONOGRAPH